00786cam a2200229 a 450000100060000000300080000600500170001400800410003103500190007204000320009104100130012308200290013610000250016524500850019025000120027526000470028730000470033450000660038160000500044765000390049770000200053626046BD-RjUL20211209050949.0140320s1980 cc fa 000 0beng d a(BD-RjUL)26116 aDLCcDLCdDLCdBD-RjULbeng1 aenghchi00a951.050924219bHUE 19801 aHu, Hua,d1921-1987.14aThe early life of Zhou Enlai /cwritten by Hu Hua ; translated by Chen Xiaoying. a1st ed. aBeijing :bForeign Languages Press,c1980. a105 p., [8] p. of plates :bill. ;c19 cm. aTranslation of: Qing shao nian shi qi di Zhou Enlai tong zhi.10aZhou, Enlai,d1898-1976xChildhood and youth. 0aPrime ministerszChinavBiography.1 aChen, Xiaoying.